000 00596nam a2200217Ia 4500
003 OSt
005 20220923230835.0
006 a|||||r|||| 00| 0
007 ta
008 Pun
024 _a306,001
037 _cTextual
040 _aARTS
_cARTS
_bPun
041 _2Pun
_aPun
082 _aQ8441xM80w, 153M8
100 _aਗੁਰਚਰਨ ਸਿੰਘ
245 0 _aਗਿਆਨੀ Fੇਰ ਸਿੰਘ ਜੀਵਨ ਅਤੇ ਲਿਖਤਾਂ
260 _c1988
942 _hQ8441xM80w, 153M8
_cTEXL
_2CC
999 _c387788
_d387788